[Event "SK Sodingen / Castrop 1 - SG Ennepe-Ruh"]
[Site "NRW-Klasse, Gruppe 2 2015/201"]
[Date "2016.02.14"]
[Round "6.3"]
[White "Tripolsky, Eugen"]
[Black "Waldschmidt, Georg"]
[Result "1/2-1/2"]
[WhiteElo "2207"]
[BlackElo "2227"]
[PlyCount "35"]
[EventDate "2016.??.??"]
[WhiteTeam "SG Ennepe-Ruhr-Süd 1"]
[BlackTeam "SK Sodingen / Castrop 1"]

1. e4 c5 2. Nf3 e6 3. c3 Nf6 4. Bd3 Nc6 5. Bc2 d5 6. e5 Nd7 7. d4 Be7 8. a3 f6
9. Nh4 O-O 10. Qd3 f5 11. Nf3 c4 12. Qe2 Nb6 13. Nbd2 Bd7 14. O-O Na5 15. Re1
Ba4 16. Bb1 Qd7 17. h4 Rac8 18. g3 1/2-1/2

[Event "SK Sodingen / Castrop 1 - SG Ennepe-Ruh"]
[Site "NRW-Klasse, Gruppe 2 2015/201"]
[Date "2016.02.14"]
[Round "6.4"]
[White "Graw, Christopher"]
[Black "Arndt, Stefan"]
[Result "0-1"]
[WhiteElo "2184"]
[BlackElo "2137"]
[PlyCount "106"]
[EventDate "2016.??.??"]
[WhiteTeam "SK Sodingen / Castrop 1"]
[BlackTeam "SG Ennepe-Ruhr-Süd 1"]

1. d4 Nf6 2. c4 g6 3. Nc3 Bg7 4. e4 d6 5. Be2 O-O 6. Bg5 c5 7. d5 e6 8. h3 exd5
9. exd5 Qb6 10. Qb3 Qxb3 11. axb3 Na6 12. Nf3 Bf5 13. Nh4 Bd7 14. O-O h6 15.
Bd2 Nb4 16. Bf4 g5 17. Bxd6 gxh4 18. Bxc5 Nc2 19. Rxa7 Rxa7 20. Bxa7 Bf5 21.
Nb5 Rd8 22. Rc1 Ne8 23. Bb6 Rd7 24. Bd1 Nb4 25. Nd4 Bxd4 26. Bxd4 Re7 27. Bf3
Nd3 28. Rd1 Ne1 29. Bg4 Bc2 30. Rc1 f5 31. Bd1 Nd3 32. Rxc2 Re1+ 33. Kh2 Rxd1
34. Re2 Kf7 35. Bb6 Re1 36. Rxe1 Nxe1 37. Be3 h5 38. b4 Nd3 39. b5 Ke7 40. c5
Kd7 41. c6+ bxc6 42. dxc6+ Kc7 43. g3 Nd6 44. b6+ Kxc6 45. b3 Nc8 46. gxh4 Nxb6
47. Kg3 Nd5 48. Kf3 Nc5 49. Ke2 Nxb3 50. Kd3 Kd6 51. Bh6 Nc5+ 52. Kd4 Ne6+ 53.
Kc4 Ke5 0-1

[Event "SK Sodingen / Castrop 1 - SG Ennepe-Ruh"]
[Site "NRW-Klasse, Gruppe 2 2015/201"]
[Date "2016.02.14"]
[Round "6.5"]
[White "Moors, Hans"]
[Black "Kartsev, Alexandr"]
[Result "1/2-1/2"]
[WhiteElo "2041"]
[BlackElo "2158"]
[PlyCount "68"]
[EventDate "2016.??.??"]
[WhiteTeam "SG Ennepe-Ruhr-Süd 1"]
[BlackTeam "SK Sodingen / Castrop 1"]

1. d4 d5 2. c4 e6 3. Nc3 Nf6 4. Nf3 b6 5. Bg5 Be7 6. e3 O-O 7. cxd5 exd5 8. Be2
Be6 9. O-O Ne4 10. Nxe4 dxe4 11. Bxe7 Qxe7 12. Nd2 Bd5 13. Qc2 Nd7 14. Rfc1 c5
15. dxc5 Nxc5 16. b4 Nd7 17. a3 a5 18. Bb5 Rfd8 19. bxa5 Rxa5 20. Bxd7 Qxd7 21.
Qc7 Qxc7 22. Rxc7 f5 23. h4 Rda8 24. Rd7 Be6 25. Re7 Bf7 26. Rb7 Bd5 27. Rxb6
Rxa3 28. Rxa3 Rxa3 29. Rb2 Ra1+ 30. Kh2 Kf7 31. Kg3 Kf6 32. Nb1 h6 33. Nc3 Be6
34. Ne2 Ra2 1/2-1/2

[Event "SK Sodingen / Castrop 1 - SG Ennepe-Ruh"]
[Site "NRW-Klasse, Gruppe 2 2015/201"]
[Date "2016.02.14"]
[Round "6.6"]
[White "Boehnke, Martin"]
[Black "Bruchmann, Norbert"]
[Result "1/2-1/2"]
[WhiteElo "2111"]
[BlackElo "2035"]
[PlyCount "102"]
[EventDate "2016.??.??"]
[WhiteTeam "SK Sodingen / Castrop 1"]
[BlackTeam "SG Ennepe-Ruhr-Süd 1"]

1. d4 e6 2. c4 f5 3. Nf3 Nf6 4. g3 Bb4+ 5. Nbd2 b6 6. Bg2 Bb7 7. O-O O-O 8. a3
Bxd2 9. Bxd2 Qe8 10. a4 a5 11. b4 axb4 12. Bxb4 d6 13. c5 Na6 14. Ba3 bxc5 15.
dxc5 Nxc5 16. Bxc5 dxc5 17. Ne5 Bxg2 18. Kxg2 Qe7 19. Qc2 Qd6 20. Nc4 Qc6+ 21.
Kg1 Rfd8 22. Rfc1 Qe4 23. Qxe4 Nxe4 24. a5 Ra6 25. Rc2 Rda8 26. Rca2 Nd6 27.
Ne5 Nf7 28. Nd3 c4 29. Nb4 Rd6 30. a6 Rb6 31. Nc2 Nd6 32. Ra5 Ra7 33. R1a4 Kf8
34. f3 Ke7 35. Kf2 Kd7 36. Ke3 g5 37. Kd4 Rb1 38. Na3 Rd1+ 39. Kc3 Re1 40. Kd2
Ra1 41. Kc3 Rc1+ 42. Kd2 Rh1 43. Nxc4 Nxc4+ 44. Rxc4 Rxh2 45. g4 fxg4 46. Rxg4
h6 47. f4 gxf4 48. Rxf4 h5 49. Rb4 Kc6 50. Re5 Kd7 51. Ra5 Kc6 1/2-1/2

[Event "SK Sodingen / Castrop 1 - SG Ennepe-Ruh"]
[Site "NRW-Klasse, Gruppe 2 2015/201"]
[Date "2016.02.14"]
[Round "6.7"]
[White "Heller, Achim"]
[Black "Hille, Ralph Ingo"]
[Result "1/2-1/2"]
[WhiteElo "1955"]
[BlackElo "2043"]
[PlyCount "33"]
[EventDate "2016.??.??"]
[WhiteTeam "SG Ennepe-Ruhr-Süd 1"]
[BlackTeam "SK Sodingen / Castrop 1"]

1. d4 Nf6 2. c4 e5 3. dxe5 Ng4 4. Nf3 Bc5 5. e3 Nc6 6. Nc3 O-O 7. Be2 Re8 8. a3
a5 9. Na4 Bf8 10. Nd4 Ngxe5 11. O-O d6 12. f4 Nxd4 13. exd4 Nc6 14. d5 Nd4 15.
Bd3 Bf5 16. Bxf5 Nxf5 17. Qd3 1/2-1/2

[Event "SK Sodingen / Castrop 1 - SG Ennepe-Ruh"]
[Site "NRW-Klasse, Gruppe 2 2015/201"]
[Date "2016.02.14"]
[Round "6.8"]
[White "Haberhausen, Ansgar"]
[Black "Garweg, Udo"]
[Result "1/2-1/2"]
[WhiteElo "2050"]
[BlackElo "1941"]
[Annotator "Hausrath,Daniel"]
[PlyCount "100"]
[EventDate "2016.??.??"]
[WhiteTeam "SK Sodingen / Castrop 1"]
[BlackTeam "SG Ennepe-Ruhr-Süd 1"]

1. d4 d5 2. Nf3 e6 3. c4 c5 4. cxd5 exd5 5. Nc3 Nc6 6. e3 Nf6 7. Be2 a6 8. O-O
Bd6 9. b3 O-O 10. Bb2 Bg4 11. dxc5 Bxc5 12. Rc1 Be7 13. Nd4 Be6 14. Nxc6 bxc6
15. Na4 Bd7 16. Bd3 Bd6 17. h3 Re8 $11 18. Bd4 Bc7 19. Qc2 Qe7 20. Nc5 Bc8 21.
Qe2 a5 22. Qf3 Qd6 23. Rfd1 Nd7 24. Nxd7 Bxd7 25. Kf1 Qe7 26. Qh5 g6 27. Qh6
Be5 28. Bxe5 Qxe5 29. Qh4 Qe7 30. Qxe7 Rxe7 31. Rc5 Be8 32. a3 Rb7 33. Rc3 f5
34. Ke2 Kf7 35. Bc2 Ke7 36. Kf3 Rb6 37. g4 Kf6 38. Kg3 Bd7 39. Rd4 fxg4 40.
hxg4 h6 41. Rc5 Be8 42. Rf4+ Kg7 43. Rc3 Rab8 44. Rd4 Rb5 45. e4 R8b7 46. exd5
Rxd5 47. Rxd5 cxd5 48. Rc5 Rb5 49. Rc8 Bf7 50. a4 Rb4 1/2-1/2

[Event "SF Neuenkirchen 1 - Herforder SV Königs"]
[Site "NRW-Klasse, Gruppe 2 2015/201"]
[Date "2016.02.14"]
[Round "6.1"]
[White "Nordsieck, Thomas"]
[Black "Griebl, Joern"]
[Result "1/2-1/2"]
[WhiteElo "2291"]
[BlackElo "2213"]
[PlyCount "85"]
[EventDate "2016.??.??"]
[WhiteTeam "Herforder SV Königsspringer 1"]
[BlackTeam "SF Neuenkirchen 1"]

1. e4 c5 2. Nf3 d6 3. d4 cxd4 4. Nxd4 Nf6 5. Nc3 a6 6. Be3 e6 7. f3 Nbd7 8. Qd2
b5 9. O-O-O Bb7 10. g4 h6 11. h4 b4 12. Na4 Qa5 13. b3 Nc5 14. a3 Rc8 15. axb4
Nxb3+ 16. Nxb3 Qxa4 17. Kb2 d5 18. Ra1 Qxb4 19. c3 Qe7 20. e5 Nd7 21. Bd4 Nb8
22. f4 Qc7 23. f5 Nd7 24. fxe6 fxe6 25. Bxa6 Rb8 26. Bb5 Bc6 27. Ra7 Rb7 28.
Ra8+ Nb8 29. Bxc6+ Qxc6 30. Rha1 Be7 31. R1a7 Bxh4 32. Qh2 Bg5 33. Qh5+ Kd8 34.
Rxb7 Qxb7 35. Ra7 Qb5 36. Qf7 Nd7 37. Ra8+ Kc7 38. Rxh8 Qe2+ 39. Kb1 Qd1+ 40.
Kb2 Qe2+ 41. Ka3 Qa6+ 42. Kb4 Qc4+ 43. Ka3 1/2-1/2

[Event "SF Neuenkirchen 1 - Herforder SV Königs"]
[Site "NRW-Klasse, Gruppe 2 2015/201"]
[Date "2016.02.14"]
[Round "6.2"]
[White "Rieke, Theo"]
[Black "Kirnos, Evgeni"]
[Result "1/2-1/2"]
[WhiteElo "1970"]
[BlackElo "2172"]
[PlyCount "35"]
[EventDate "2016.??.??"]
[WhiteTeam "SF Neuenkirchen 1"]
[BlackTeam "Herforder SV Königsspringer 1"]

1. Nf3 Nf6 2. c4 e6 3. Nc3 d5 4. d4 c6 5. Bg5 Be7 6. e3 Nbd7 7. Rc1 O-O 8. Bd3
dxc4 9. Bxc4 c5 10. O-O a6 11. a4 cxd4 12. exd4 Qa5 13. Qe2 Nb6 14. Bb3 Qb4 15.
Bc2 g6 16. Bd2 Qd6 17. a5 Nbd5 18. Nxd5 1/2-1/2

[Event "SF Neuenkirchen 1 - Herforder SV Königs"]
[Site "NRW-Klasse, Gruppe 2 2015/201"]
[Date "2016.02.14"]
[Round "6.3"]
[White "Wolf, Andre"]
[Black "Buendgen, Achim"]
[Result "1-0"]
[WhiteElo "2175"]
[BlackElo "2137"]
[PlyCount "93"]
[EventDate "2016.??.??"]
[WhiteTeam "Herforder SV Königsspringer 1"]
[BlackTeam "SF Neuenkirchen 1"]

1. e4 e5 2. Nf3 Nc6 3. Bb5 a6 4. Ba4 Nf6 5. O-O Be7 6. Re1 b5 7. Bb3 d6 8. c3
O-O 9. h3 Nb8 10. d4 Nbd7 11. Nbd2 Bb7 12. Bc2 Re8 13. Nf1 Bf8 14. Ng3 g6 15.
a4 Bg7 16. d5 Bf8 17. b3 c6 18. c4 bxc4 19. bxc4 cxd5 20. cxd5 Nc5 21. Bg5 h6
22. Be3 Bc8 23. Bxc5 dxc5 24. Nd2 Rb8 25. Nc4 Rb4 26. Bd3 Bd7 27. Qc2 Qb8 28.
Reb1 h5 29. a5 h4 30. Nf1 Nh5 31. Rxb4 cxb4 32. Nb6 Bc8 33. Rc1 Nf4 34. Ne3 Bh6
35. Bf1 Bb7 36. Qc7 Nh5 37. Qxb8 Rxb8 38. Rb1 f5 39. Rxb4 Nf6 40. exf5 Bxe3 41.
fxe3 gxf5 42. d6 Rd8 43. Nc4 Bd5 44. Nxe5 Rxd6 45. Rb6 Rxb6 46. axb6 Ne4 47.
Bc4 1-0

[Event "SF Neuenkirchen 1 - Herforder SV Königs"]
[Site "NRW-Klasse, Gruppe 2 2015/201"]
[Date "2016.02.14"]
[Round "6.4"]
[White "Haves, Reinhard"]
[Black "Pieper-Emden, Carsten"]
[Result "1/2-1/2"]
[WhiteElo "2113"]
[BlackElo "2170"]
[PlyCount "34"]
[EventDate "2016.??.??"]
[WhiteTeam "SF Neuenkirchen 1"]
[BlackTeam "Herforder SV Königsspringer 1"]

1. d4 d5 2. Nf3 Nf6 3. g3 c6 4. c4 Bf5 5. Bg2 e6 6. Nc3 h6 7. O-O Be7 8. b3 Ne4
9. Nxe4 Bxe4 10. Ne5 Bxg2 11. Kxg2 Nd7 12. Bf4 O-O 13. Qd3 Nxe5 14. Bxe5 Bf6
15. Bxf6 Qxf6 16. Rad1 Rad8 17. Qf3 Qg6 1/2-1/2

[Event "SF Neuenkirchen 1 - Herforder SV Königs"]
[Site "NRW-Klasse, Gruppe 2 2015/201"]
[Date "2016.02.14"]
[Round "6.5"]
[White "Quelle, Helmut"]
[Black "Hachmeister, Dirk"]
[Result "1/2-1/2"]
[WhiteElo "2098"]
[BlackElo "2154"]
[PlyCount "120"]
[EventDate "2016.??.??"]
[WhiteTeam "Herforder SV Königsspringer 1"]
[BlackTeam "SF Neuenkirchen 1"]

1. Nf3 Nf6 2. g3 b6 3. Bg2 Bb7 4. O-O e6 5. c4 c5 6. Nc3 Be7 7. Re1 O-O 8. e4
d6 9. d4 cxd4 10. Nxd4 Qc8 11. b3 Nbd7 12. Bb2 Rd8 13. Rc1 a6 14. Rc2 Qc7 15.
Rd2 Rac8 16. Nde2 Qb8 17. Nf4 Ba8 18. Qe2 Bf8 19. h4 Nc5 20. Nh5 Nxh5 21. Qxh5
Bc6 22. Qd1 Be7 23. b4 Nd7 24. b5 Bb7 25. bxa6 Bxa6 26. Nb5 Ne5 27. Bxe5 dxe5
28. Rxd8+ Rxd8 29. Qa4 Bb7 30. Rd1 Rxd1+ 31. Qxd1 Bc6 32. Qe2 Bc5 33. Kh2 h6
34. h5 Qd8 35. Bf3 Qa8 36. Bh1 f5 37. f3 Qe8 38. g4 f4 39. Bg2 Qd8 40. Kh3 Bxb5
41. cxb5 Qd4 42. Bf1 Qg1 43. Qg2 Qe3 44. Bc4 Qe1 45. Bxe6+ Kf8 46. Bc4 Ke7 47.
g5 hxg5 48. Qxg5+ Kd7 49. Qg4+ Kd8 50. Qh4+ Qxh4+ 51. Kxh4 Ke7 52. Kg5 Bb4 53.
Kg6 Kf8 54. Kf5 Bc3 55. Ke6 Ke8 56. Kd6 Kf8 57. a4 Ke8 58. a5 Bxa5 59. Kxe5 Bd2
60. Kf5 Kf8 1/2-1/2

[Event "SF Neuenkirchen 1 - Herforder SV Königs"]
[Site "NRW-Klasse, Gruppe 2 2015/201"]
[Date "2016.02.14"]
[Round "6.6"]
[White "Beckmann, Klaus"]
[Black "Bentel, Robin"]
[Result "1-0"]
[WhiteElo "2074"]
[BlackElo "2035"]
[PlyCount "55"]
[EventDate "2016.??.??"]
[WhiteTeam "SF Neuenkirchen 1"]
[BlackTeam "Herforder SV Königsspringer 1"]

1. e4 c5 2. Nf3 e6 3. c3 Nf6 4. e5 Nd5 5. d4 cxd4 6. Qxd4 Nc6 7. Qe4 d6 8. Bc4
Nb6 9. Bb5 Bd7 10. exd6 Bxd6 11. O-O Qc7 12. Nbd2 O-O-O 13. Nb3 f5 14. Qe2 e5
15. h3 h6 16. Be3 g5 17. Nfd2 Nd5 18. Nc4 a6 19. Nxd6+ Qxd6 20. Bc4 Nf4 21.
Bxf4 gxf4 22. Rfd1 Qc7 23. Nc5 Na5 24. Nxd7 Nxc4 25. Qxc4 Rxd7 26. Qe6 e4 27.
Rd4 Rhd8 28. Rc4 1-0

[Event "SF Neuenkirchen 1 - Herforder SV Königs"]
[Site "NRW-Klasse, Gruppe 2 2015/201"]
[Date "2016.02.14"]
[Round "6.7"]
[White "Loemker, Michael"]
[Black "Scho, Christian"]
[Result "1/2-1/2"]
[WhiteElo "2052"]
[BlackElo "2058"]
[PlyCount "58"]
[EventDate "2016.??.??"]
[WhiteTeam "Herforder SV Königsspringer 1"]
[BlackTeam "SF Neuenkirchen 1"]

1. d4 d5 2. c4 c6 3. Nf3 Nf6 4. Nc3 a6 5. a4 e6 6. Bg5 a5 7. e3 Na6 8. Be2 Be7
9. O-O O-O 10. Rc1 Nb4 11. Qb3 h6 12. Bh4 b6 13. cxd5 exd5 14. Na2 Nxa2 15.
Qxa2 Bb7 16. Qb3 Nd7 17. Bg3 Bb4 18. Rfd1 Rc8 19. Bd3 Re8 20. Bf5 Ra8 21. Qc2
c5 22. Bh4 Nf6 23. Ne5 c4 24. Bd7 Rf8 25. Bc6 Bxc6 26. Nxc6 Qd6 27. Ne5 Nd7 28.
Nf3 Rfe8 29. h3 Qe6 1/2-1/2

[Event "SF Neuenkirchen 1 - Herforder SV Königs"]
[Site "NRW-Klasse, Gruppe 2 2015/201"]
[Date "2016.02.14"]
[Round "6.8"]
[White "Winter, Reinhold"]
[Black "Hanisch, Bernd"]
[Result "1/2-1/2"]
[WhiteElo "1548"]
[BlackElo "2011"]
[PlyCount "53"]
[EventDate "2016.??.??"]
[WhiteTeam "SF Neuenkirchen 1"]
[BlackTeam "Herforder SV Königsspringer 1"]

1. c4 e5 2. Nc3 Nc6 3. g3 g6 4. Bg2 Bg7 5. e3 Nge7 6. Nge2 d6 7. O-O O-O 8. d4
exd4 9. Nxd4 Nxd4 10. exd4 Nf5 11. Ne2 c5 12. dxc5 dxc5 13. Qxd8 Rxd8 14. Bd5
Re8 15. Nf4 Nd4 16. Bd2 Bd7 17. Rfe1 Bc6 18. Bxc6 Nxc6 19. Rxe8+ Rxe8 20. Rb1
Ne5 21. Be3 Nxc4 22. Bxc5 b6 23. b3 Nd2 24. Rd1 Ne4 25. Be3 Bh6 26. Rd7 Ra8 27.
Nd5 1/2-1/2

[Event "Ratinger SK 1 - SF Lieme 1"]
[Site "NRW-Klasse, Gruppe 2 2015/201"]
[Date "2016.02.14"]
[Round "6.1"]
[White "Himpenmacher, Andy"]
[Black "Preuschoff, Michael"]
[Result "0-1"]
[WhiteElo "2182"]
[BlackElo "2153"]
[Annotator "Hausrath,Daniel"]
[PlyCount "126"]
[EventDate "2016.??.??"]
[WhiteTeam "SF Lieme 1"]
[BlackTeam "Ratinger SK 1"]

1. e4 e5 2. Nf3 Nc6 3. Bb5 Bc5 4. O-O Nd4 5. Nxd4 Bxd4 6. c3 Bb6 7. d4 c6 8.
Ba4 d6 9. Be3 Nf6 10. Nd2 Ng4 11. Qf3 Qh4 12. h3 Nxe3 13. fxe3 O-O 14. Bb3 Kh8
15. Qf2 Qe7 16. Qg3 a5 17. Rf2 a4 18. Bc4 Bc7 19. Qf3 b5 20. Bd3 Bd7 21. Qh5 f6
22. Qe2 $11 Bb6 23. Kh1 Rfb8 24. Rff1 c5 25. Nf3 Ba5 26. Rac1 Bc6 27. Nh4 g6
28. d5 Bd7 29. Qf2 Rf8 30. Qg3 Rf7 31. Rc2 Rg8 32. a3 c4 33. Be2 Bb6 34. Nf3
Bc8 35. Bd1 f5 36. Ng5 Rfg7 37. Re2 h6 38. Ne6 Bxe6 39. dxe6 Qxe6 40. Bc2 fxe4
41. Ref2 Bd8 42. Bxe4 d5 43. Bf3 e4 44. Bg4 Qb6 45. Rf8 Bc7 46. Qf2 Qd6 47. g3
Kh7 48. Rf6 Qe5 49. h4 h5 50. Bh3 Qxg3 51. Be6 Rd8 52. Rg1 Qxf2 53. Rxf2 Rd6
54. Bh3 Bd8 55. Rf4 Kh6 56. Rd1 Re7 57. Kg2 Re5 58. Kf2 Bxh4+ 59. Ke2 g5 60.
Rf7 g4 61. Bg2 Rf6 62. Rf1 Rxf1 63. Kxf1 Kg6 0-1

[Event "Ratinger SK 1 - SF Lieme 1"]
[Site "NRW-Klasse, Gruppe 2 2015/201"]
[Date "2016.02.14"]
[Round "6.2"]
[White "Dinescu, Adrian"]
[Black "Wittke, Rene"]
[Result "1/2-1/2"]
[WhiteElo "2136"]
[BlackElo "2193"]
[PlyCount "29"]
[EventDate "2016.??.??"]
[WhiteTeam "Ratinger SK 1"]
[BlackTeam "SF Lieme 1"]

1. e4 c5 2. Nf3 e6 3. d4 cxd4 4. Nxd4 a6 5. Nc3 Qc7 6. Be2 b5 7. a3 Bb7 8. O-O
Nf6 9. Bf3 d6 10. g3 Be7 11. Qe2 Nbd7 12. Bg2 Rc8 13. h3 O-O 14. Kh2 Qc4 15.
Be3 1/2-1/2

[Event "Ratinger SK 1 - SF Lieme 1"]
[Site "NRW-Klasse, Gruppe 2 2015/201"]
[Date "2016.02.14"]
[Round "6.3"]
[White "Schaffarczyk, Andre"]
[Black "Springer, Ralf"]
[Result "1-0"]
[WhiteElo "2119"]
[BlackElo "2097"]
[Annotator "Hausrath,Daniel"]
[PlyCount "91"]
[EventDate "2016.??.??"]
[WhiteTeam "SF Lieme 1"]
[BlackTeam "Ratinger SK 1"]

1. e4 d5 2. exd5 Qxd5 3. Nc3 Qd8 4. d4 Nf6 5. Bc4 a6 6. Nf3 b5 7. Bb3 c5 8.
dxc5 Qxd1+ 9. Nxd1 e6 10. a4 b4 11. a5 Bxc5 12. O-O O-O 13. Ne5 Nd5 14. Bd2 Nd7
15. Nd3 Rb8 16. Ra4 Bd6 17. Bxd5 exd5 18. Bxb4 Bxb4 19. Rxb4 Bb7 20. Nc3 Bc6
21. Re1 Rfc8 22. Rd4 Nf6 23. f3 Bb5 24. Nf4 Bc4 25. Nd1 g5 26. Nh3 h6 27. b3
Bb5 28. Ne3 Bd7 29. Nf2 Rb5 30. b4 Be6 31. Nd3 Nd7 32. h4 Nb8 33. hxg5 hxg5 $11
34. Nc5 Nc6 35. Nxe6 fxe6 36. Rg4 Rxb4 37. Rxg5+ Kf7 38. Ng4 Rb5 39. f4 Rb4 40.
Nh6+ Kf6 41. Ng4+ Kf7 42. f5 exf5 43. Nh6+ Kf6 44. Rxf5+ Kg7 45. Re6 Rc7 46.
Rg5+ 1-0

[Event "Ratinger SK 1 - SF Lieme 1"]
[Site "NRW-Klasse, Gruppe 2 2015/201"]
[Date "2016.02.14"]
[Round "6.4"]
[White "Busch, Christian"]
[Black "Stork, Holger"]
[Result "1/2-1/2"]
[WhiteElo "2122"]
[BlackElo "2041"]
[Annotator "Hausrath,Daniel"]
[PlyCount "57"]
[EventDate "2016.??.??"]
[WhiteTeam "Ratinger SK 1"]
[BlackTeam "SF Lieme 1"]

1. d4 Nf6 2. c4 e6 3. Nf3 b6 4. g3 Bb7 5. Bg2 Be7 6. O-O O-O 7. a3 d6 8. b4 c5
9. Bb2 Nbd7 10. Nbd2 Qc7 11. Qb3 Rac8 12. Rfc1 Ne4 13. d5 exd5 14. cxd5 Nxd2
15. Nxd2 Bf6 16. e4 Bxb2 17. Qxb2 Ne5 18. Rc3 Rce8 19. f4 Nd7 20. Qb3 Kh8 21.
Bh3 Nf6 $11 22. Re3 b5 23. Rae1 c4 24. Qc3 Qb6 25. Kf1 Re7 26. R3e2 Rfe8 27.
Bf5 Bc8 28. Bxc8 Rxc8 29. Kg2 1/2-1/2

[Event "Ratinger SK 1 - SF Lieme 1"]
[Site "NRW-Klasse, Gruppe 2 2015/201"]
[Date "2016.02.14"]
[Round "6.5"]
[White "Niermann, Tristan"]
[Black "Liedtke, Dirk"]
[Result "1-0"]
[WhiteElo "1995"]
[BlackElo "2126"]
[PlyCount "61"]
[EventDate "2016.??.??"]
[WhiteTeam "SF Lieme 1"]
[BlackTeam "Ratinger SK 1"]

1. d4 Nf6 2. c4 g6 3. f3 d5 4. cxd5 Nxd5 5. e4 Nb6 6. Nc3 Bg7 7. Be3 e5 8. d5
O-O 9. Qd2 f5 10. O-O-O Rf7 11. h4 f4 12. Bxb6 axb6 13. Bc4 Qd6 14. g4 fxg3 15.
h5 Bd7 16. Qg5 b5 17. Bxb5 Bxb5 18. Nxb5 Qf6 19. Qxf6 Bxf6 20. Kb1 Bg5 21. Rh3
Bf4 22. Ne2 Na6 23. Nxg3 Raf8 24. Rdh1 Rg7 25. d6 Bxg3 26. dxc7 Nxc7 27. Nxc7
Rxf3 28. Ne6 g5 29. Nxg7 g4 30. Rxg3 Rxg3 31. Nf5 1-0

[Event "Ratinger SK 1 - SF Lieme 1"]
[Site "NRW-Klasse, Gruppe 2 2015/201"]
[Date "2016.02.14"]
[Round "6.6"]
[White "Graeber, Ralf"]
[Black "Essing, Arnold"]
[Result "0-1"]
[WhiteElo "2104"]
[BlackElo "2201"]
[Annotator "Hausrath,Daniel"]
[PlyCount "112"]
[EventDate "2016.??.??"]
[WhiteTeam "Ratinger SK 1"]
[BlackTeam "SF Lieme 1"]

1. Nf3 d5 2. g3 c5 3. c4 e6 4. Bg2 Nc6 5. O-O Nf6 6. cxd5 exd5 7. d4 Be7 8. Nc3
O-O 9. Bg5 c4 10. Ne5 Be6 11. e4 dxe4 12. Nxc6 bxc6 13. Nxe4 Bd5 14. Nc3 Bxg2
15. Kxg2 h6 16. Bf4 Nd5 17. Nxd5 Qxd5+ 18. Qf3 Qxd4 19. Qxc6 Rfc8 20. Qb7 Bf6
21. Rab1 Qb6 22. Qf3 a5 23. Rfd1 Rc6 24. Bd2 Re8 25. Bc3 Rce6 26. Qf5 a4 27.
Rd7 a3 28. Rd2 $11 g6 29. Qf3 Bxc3 30. Qxc3 Re2 31. Rxe2 Rxe2 32. Qf3 Rxb2 33.
Re1 Qb7 34. Qxb7 Rxb7 35. Re3 Rb3 36. Re8+ Kg7 37. Ra8 Rd3 38. Rc8 c3 39. Rc6
g5 40. Kh3 f6 41. Kg2 h5 42. h3 Kf7 43. h4 g4 44. Rc5 Ke6 45. Rc8 f5 46. Rc5
Kd6 47. Rc8 Rd2 48. Rxc3 Rxa2 49. Kf1 Kd5 50. Kg2 Kd4 51. Re3 Kc4 52. Re8 Rb2
53. Ra8 a2 54. Ra3 Kb4 55. Ra8 Kb3 56. Ra5 Rb1 0-1

[Event "Ratinger SK 1 - SF Lieme 1"]
[Site "NRW-Klasse, Gruppe 2 2015/201"]
[Date "2016.02.14"]
[Round "6.8"]
[White "Krueger, Norbert"]
[Black "Stork, Joachim"]
[Result "1/2-1/2"]
[WhiteElo "2035"]
[BlackElo "1918"]
[Annotator "Hausrath,Daniel"]
[PlyCount "57"]
[EventDate "2016.??.??"]
[WhiteTeam "Ratinger SK 1"]
[BlackTeam "SF Lieme 1"]

1. e4 d5 2. exd5 Qxd5 3. d4 e5 4. Nf3 Bg4 5. Be2 Nc6 6. c4 Bb4+ 7. Bd2 Qa5 8.
d5 Bxf3 9. Bxf3 Nd4 10. Nc3 Qa6 11. Be2 Nf6 12. O-O O-O 13. a3 Bxc3 14. Bxc3
Nxe2+ 15. Qxe2 Nxd5 16. Qxe5 Nxc3 17. Qxc3 Rad8 18. Rad1 Rfe8 $11 19. Rfe1
Rxe1+ 20. Rxe1 Qd6 21. h3 h6 22. b4 Qd4 23. Re8+ Kh7 24. Qc2+ g6 25. Rxd8 Qxd8
26. Qe4 Qd1+ 27. Kh2 Qd6+ 28. g3 b6 29. Kg2 1/2-1/2

[Event "SVG Plettenberg 1 - SG Porz 2"]
[Site "Oberliga NRW 2015/2016"]
[Date "2016.03.06"]
[Round "7.1"]
[White "Malykin, Vitaly"]
[Black "Haub, Thorsten Michael"]
[Result "1/2-1/2"]
[WhiteElo "2365"]
[BlackElo "2333"]
[PlyCount "85"]
[EventDate "2016.??.??"]
[WhiteTeam "SG Porz 2"]
[BlackTeam "SVG Plettenberg 1"]

1. Nf3 g6 2. e4 Bg7 3. d4 d6 4. Bc4 a6 5. Qe2 Nc6 6. c3 e5 7. dxe5 dxe5 8. O-O
h6 9. h3 Qf6 10. Nh2 g5 11. Ng4 Qg6 12. Ne3 Nge7 13. Nd2 O-O 14. Nd5 Nxd5 15.
Bxd5 Nd8 16. Nf3 Ne6 17. Re1 Bf6 18. b4 Nf4 19. Bxf4 gxf4 20. Kh2 Kh8 21. g4
fxg3+ 22. fxg3 Qh5 23. Ng1 Qxe2+ 24. Rxe2 c6 25. Bb3 Be7 26. Nf3 f6 27. Nh4 Kg7
28. g4 Rd8 29. Nf5+ Kf8 30. Nxh6 a5 31. bxa5 Rd3 32. Nf5 Rxc3 33. Rf1 Bc5 34.
g5 fxg5 35. Rd2 Bxf5 36. Rxf5+ Kg7 37. Rxg5+ Kh6 38. Rxe5 Rxa5 39. Re6+ Kg5 40.
e5 Be3 41. Rd7 Bf4+ 42. Kg2 Rxe5 43. Rxe5+ 1/2-1/2

[Event "SVG Plettenberg 1 - SG Porz 2"]
[Site "Oberliga NRW 2015/2016"]
[Date "2016.03.06"]
[Round "7.2"]
[White "Bosch, Jeroen"]
[Black "Korotkjevich, Stanislav"]
[Result "0-1"]
[WhiteElo "2352"]
[BlackElo "2333"]
[PlyCount "78"]
[EventDate "2016.??.??"]
[WhiteTeam "SVG Plettenberg 1"]
[BlackTeam "SG Porz 2"]

1. d4 Nf6 2. c4 g6 3. Nc3 Bg7 4. e4 O-O 5. Nge2 d6 6. f3 c5 7. d5 e6 8. Ng3 a6
9. a4 exd5 10. cxd5 Nbd7 11. Be2 Rb8 12. O-O Ne8 13. Be3 Nc7 14. f4 b5 15. axb5
axb5 16. e5 dxe5 17. f5 b4 18. Nce4 Bb7 19. fxg6 hxg6 20. Bg5 f6 21. d6 Nd5 22.
Bc4 N7b6 23. Ra7 Nxc4 24. Rxb7 Ncb6 25. Rxg7+ Kxg7 26. Bc1 Rh8 27. Qg4 Qd7 28.
Nf5+ Kf7 29. Nh6+ Rxh6 30. Qg5 Rh7 31. Nxf6 Nxf6 32. Rxf6+ Kg8 33. Rxg6+ Rg7
34. Qh6 Rf8 35. Rxg7+ Qxg7 36. Qe6+ Rf7 37. Bh6 Qf6 38. Qe8+ Kh7 39. h4 Kxh6
0-1

[Event "SVG Plettenberg 1 - SG Porz 2"]
[Site "Oberliga NRW 2015/2016"]
[Date "2016.03.06"]
[Round "7.3"]
[White "Xu, Xianliang"]
[Black "Klip, Hans"]
[Result "1/2-1/2"]
[WhiteElo "2234"]
[BlackElo "2346"]
[Annotator "Hausrath,Daniel"]
[PlyCount "124"]
[EventDate "2016.??.??"]
[WhiteTeam "SG Porz 2"]
[BlackTeam "SVG Plettenberg 1"]

1. e4 e5 2. f4 Bc5 3. Nf3 d6 4. Nc3 Nf6 5. Bc4 Nc6 6. d3 Bg4 7. Na4 O-O 8. Nxc5
dxc5 9. Be3 exf4 10. Bxf4 Nh5 11. Be3 Ne5 12. O-O Nxc4 13. dxc4 b6 14. Qd3 Qe8
15. Bg5 h6 16. Bh4 Nf4 17. Qe3 Ng6 18. Bg3 Qe7 19. Rae1 Rad8 20. b3 Rd7 21. h3
Bxf3 22. Rxf3 Re8 23. e5 Qd8 24. Kh2 Re6 25. Qe4 Qe8 26. Qf5 Ne7 27. Qh5 Rd2
28. Ref1 Rxc2 29. Rxf7 Qc6 30. R7f2 Rxf2 31. Rxf2 Ng6 32. Qf5 Qe8 33. Re2 Nf8
34. Rd2 $11 Re7 35. Rf2 Ne6 36. Qe4 Nd4 37. Qd5+ Kh7 38. Qe4+ Qg6 39. Qf4 Ne6
40. Qh4 Rd7 41. Re2 Rd3 42. Be1 Qf5 43. Qe4 Qxe4 44. Rxe4 Kg6 45. Rg4+ Kf5 46.
Rg3 Rxg3 47. Bxg3 Nd4 48. Bf2 Ne2 49. g4+ Kxe5 50. Kg2 Ke4 51. Be1 c6 52. Kf2
Nc1 53. Bc3 g6 54. Bd2 Nd3+ 55. Kg3 g5 56. h4 b5 57. hxg5 hxg5 58. Bxg5 bxc4
59. bxc4 Ne5 60. Be7 Nxc4 61. Bxc5 a6 62. g5 Kf5 1/2-1/2